| 000 | 00801cam a22002533a 4500 | ||
|---|---|---|---|
| 001 | 10519 | ||
| 003 | PGUSA | ||
| 005 | 20140828083225.0 | ||
| 008 | 031201s2003||||xxu|||||s|||||000 1 eng d | ||
| 040 |
_aPGUSA _beng |
||
| 042 | _adc | ||
| 050 | 4 | _aPS | |
| 100 | 1 |
_aJackson, Helen Hunt, _d1830-1885 |
|
| 245 | 1 | 0 |
_aMercy Philbrick's Choice _h[electronic resource] / _cHelen Hunt Jackson |
| 260 |
_bProject Gutenberg, _c2003 |
||
| 506 | _aPublic domain in the USA. | ||
| 516 | _aElectronic text | ||
| 653 | _aMan-woman relationships -- Fiction | ||
| 653 | _aNew England -- Social life and customs -- 19th century -- Fiction | ||
| 653 | _aWomen poets, American -- 19th century -- Fiction | ||
| 830 | 0 |
_aProject Gutenberg _v10519 |
|
| 856 | 4 | 0 | _uhttp://www.gutenberg.org/ebooks/10519 |
| 942 | _cEB | ||
| 999 |
_c239774 _d239774 |
||